[Event "Mistrzostwa Polski Juniorow do lat 16 - Dziewczeta"]
[Site "Ustron – Jaszowiec"]
[Date "1899-12-30"]
[Round "6.9"]
[White "Skiba, Aleksandra"]
[Black "Hryn, Zofia"]
[Result "1-0"]
[WhiteTitle "I+"]
[BlackTitle "I++"]
[WhiteElo "1633"]
[BlackElo "1767"]

1. d4 d6 2. c4 e5 3. d5 f5 4. Nc3 Nf6 5. Nf3 h6 6. e3 g5 7. b4 Bg7 8. Bb2 Qe7 9.
Be2 a5 10. a3 Bd7 11. Rc1 Na6 12. Qb3 b6 13. c5 bxc5 14. Bxa6 Rxa6 15. bxc5 O-O
16. c6 Rb6 17. Qc2 Rfb8 18. Na4 Rb3 19. Nd2 R3b5 20. cxd7 Nxd5 21. Qxf5 Rf8 22.
Qc2 Qxd7 23. O-O Rfb8 24. Ba1 Kh8 25. Rb1 Rxb1 26. Rxb1 Rxb1+ 27. Nxb1 Qb5 28.
g3 c6 29. e4 Nf6 30. Bc3 Qc4 31. Nd2 Qe2 32. Qb1 Qa6 33. h3 Nd7 34. Qf1 Qa7 35.
Qc4 Qa8 36. Qe6 Qc8 37. Qxd6 Bf8 38. Bxe5+ Nxe5 39. Qxe5+ Bg7 40. Qf5 Qd8 41.
Nf1 Qd3 42. Qc8+ Kh7 43. Qxc6 Qxa3 44. Qb5 Qe7 45. Ne3 Qxe4 46. Qf5+ Qxf5 47.
Nxf5 Be5 48. Kf1 Kg6 49. Ne7+ Kf6 50. Nc6 Bc7 51. Nd4 Ke5 52. Nf3+ Ke4 53. Ke2
Bd8 54. Nd2+ Kd4 55. Kf3 Kd3 56. Ne4 Be7 57. Nb6 Bd8 58. Nd5 Kc4 59. Ne3+ Kb3
60. Nc5+ Kb4 61. Nd3+ Kc3 62. Ke2 a4 63. Nc1 a3 64. Kd1 Ba5 65. g4 Bd8 66. Nf5
Kb2 67. Nd6 Be7 68. Nc4+ Kc3 69. Ne3 Bc5 70. Ne2+ Kb2 71. Nc4+ Kb3 72. Nxa3 Kxa3
73. f3 Kb3 74. Ng3 Kc4 75. Ke2 Kd5 76. Nf5 Bf8 77. Kf2 Ke5 78. Kg3 h5 79. Ne3
h4+ 80. Kg2 Bc5 81. Nc4+ Kf4 82. Nb2 Ke3 83. Nc4+ Kf4 84. Na5 Bd4 85. Nc6 Bc5
86. Nd8 Ke5 87. f4+ gxf4 88. Kf3 Be3 89. Nc6+ Kf6 90. Ke4 Kg5 91. Nb4 Bd2 92.
Nd3 Be3 93. Ne1 Kf6 94. Nf3 Kg6 95. Nxh4+ Kg5 96. Nf3+ Kh6 97. Kf5 Kg7 98. h4
Kh6 99. Ke4 Kg6 100. h5+ Kh6 101. Kf5 Bc1 102. Ne5 Be3 103. Nf3 Bc1 104. Ke4 Be3
105. Kd3 Bf2 106. Ke2 Bg3 107. Ne5 Kg5 108. Kf3 Bh2 109. Nd7 Bg3 110. Nc5 Kh6
111. Ne6 Be1 112. Nxf4 Bd2 113. Ne6 Bc1 114. Ke4 Bd2 115. Kf5 Bc1 116. Nd8 Kh7
117. g5 Kg7 118. Ne6+ Kg8 119. Kg6 Bb2 120. h6 Kh8 121. Nd8 Bg7 122. hxg7+ Kg8
123. Kf6 Kh7 124. g6+ Kg8 125. Kg5 Kxg7 126. Ne6+ Kg8 127. Kf6 Kh8 128. g7+ Kg8
129. Nd4 Kh7 130. Kf7 Kh6 131. g8=Q Kh5 132. Kf6 Kh4 133. Kf5 Kh3 134. Kf4 Kh2
135. Nf3+ Kh1 136. Qg1# 1-0

[Event "Mistrzostwa Polski Juniorow do lat 16 - Dziewczeta"]
[Site "Ustron – Jaszowiec"]
[Date "1899-12-30"]
[Round "6.10"]
[White "Michalska, Aleksandra"]
[Black "Kindler, Karolina"]
[Result "1-0"]
[WhiteTitle "I"]
[BlackTitle "I++"]
[WhiteElo "1599"]
[BlackElo "1738"]

1. e4 c5 2. c4 e6 3. Nc3 d6 4. Nf3 Nf6 5. Be2 Be7 6. a3 a6 7. O-O O-O 8. d3 Nc6
9. Be3 Qc7 10. Rb1 Rb8 11. d4 cxd4 12. Nxd4 b6 13. Qc2 Bb7 14. Rfc1 Rbc8 15. f3
Ne5 16. Nd1 Ned7 17. Nf2 Qb8 18. Qd1 Bd8 19. Bf1 Bc7 20. g3 Kh8 21. Bg2 Rg8 22.
Qd2 h6 23. Ne2 g5 24. Bh3 Rg6 25. Qc2 Qa8 26. Nc3 Ne5 27. Qe2 Rcg8 28. Bg2 Ned7
29. Rd1 Kh7 30. Qc2 Re8 31. Re1 Ne5 32. Qe2 d5 33. cxd5 exd5 34. Rf1 dxe4 35.
Nfxe4 Nxe4 36. fxe4 b5 37. Rbd1 Kg8 38. Bd4 Qc8 39. Nd5 Bxd5 40. exd5 Nc4 41.
Qd3 Be5 42. Be4 Bxd4+ 43. Qxd4 Rg7 44. Bf5 Qd8 45. Rfe1 Nd6 46. Bb1 f5 47. Re6
h5 48. Rde1 Rge7 49. Rg6+ Kh7 50. Ree6 Rf8 51. Rh6+ Kg8 52. Rxe7 Qxe7 53. Qh8+
Kf7 54. Rh7+ Kg6 55. Rxe7 Rxh8 56. Re6+ Kf7 57. Rxd6 f4 58. gxf4 gxf4 59. Kf2
a5 60. Rb6 b4 61. axb4 axb4 62. Rxb4 Rd8 63. Rxf4+ Ke7 64. Ba2 Rb8 65. b4 Rc8
66. Rc4 Rd8 67. b5 Rb8 68. Rb4 Kd6 69. Rb2 Kc5 70. Ke3 Re8+ 71. Kd3 Rf8 72. b6
Rb8 73. b7 Kd6 74. Kd4 h4 75. Bc4 h3 76. Bf1 Kc7 77. Bxh3 Rxb7 78. Rxb7+ Kxb7
79. Ke5 Kc7 80. Be6 Kd8 81. h4 Ke8 82. h5 Kf8 83. h6 Ke8 84. h7 Ke7 85. d6+ Kd8
86. h8=Q# 1-0

[Event "Mistrzostwa Polski Juniorow do lat 16 - Dziewczeta"]
[Site "Ustron – Jaszowiec"]
[Date "1899-12-30"]
[Round "6.11"]
[White "Orlik, Sandra"]
[Black "Buchta, Agnieszka"]
[Result "1/2-1/2"]
[WhiteTitle "I+"]
[BlackTitle "I++"]
[WhiteElo "1698"]
[BlackElo "1715"]

1. e4 c5 2. Nf3 e6 3. d4 cxd4 4. Nxd4 Qb6 5. Nb3 Qc7 6. Nc3 a6 7. Bd3 Nf6 8. O-O
d6 9. f4 Nbd7 10. a4 b6 11. Qe1 Be7 12. Qg3 O-O 13. Bd2 Bb7 14. Rae1 e5 15. f5
Rfd8 16. Qh3 d5 17. exd5 Nxd5 18. Nxd5 Bxd5 19. Bc3 f6 20. Be4 Nc5 21. Nxc5 Bxc5+
22. Kh1 Qc6 23. Qf3 Bxe4 24. Qxe4 Qxe4 25. Rxe4 a5 26. g4 Rd7 27. Kg2 Rad8 28.
h4 Bd4 29. Rf3 h6 30. Kg3 Kf7 31. Rd3 Bc5 32. Rxd7+ Rxd7 33. Kf3 Ke7 34. Rc4 Kd6
35. Ke4 Bf2 36. h5 Bc5 37. b3 Ra7 38. Be1 Rb7 39. Rc3 Kc6 40. Rd3 Rb8 41. c3 Ra8
42. Rd5 Bg1 43. Rd1 Bc5 44. Rd3 Bg1 45. Bd2 Bc5 46. Be1 Bg1 47. Bg3 Bc5 48. Rd2
Bg1 49. Bh4 Bc5 50. Rd1 Ba3 51. Bf2 Ra7 52. Rd8 Rc7 53. Be3 Bc5 54. Bd2 Bf2 55.
b4 axb4 56. cxb4 Ra7 57. a5 bxa5 58. bxa5 Bd4 59. Bb4 Rb7 60. Bf8 Ra7 61. a6 Kb5
62. Re8 Kxa6 63. Re7 Rxe7 64. Bxe7 Bb2 65. Bf8 Bc1 66. Bxg7 Bg5 67. Bf8 1/2-1/2

[Event "Mistrzostwa Polski Juniorow do lat 16 - Dziewczeta"]
[Site "Ustron – Jaszowiec"]
[Date "1899-12-30"]
[Round "6.12"]
[White "Szulc, Patrycja"]
[Black "Trusz, Julia"]
[Result "1/2-1/2"]
[WhiteTitle "I"]
[BlackTitle "I+"]
[WhiteElo "1573"]
[BlackElo "1688"]

1. e4 c5 2. Nf3 d6 3. d4 cxd4 4. Nxd4 Nf6 5. Nc3 Nc6 6. Bg5 Bd7 7. Qd2 Nxd4 8.
Qxd4 Qa5 9. Bxf6 gxf6 10. O-O-O Rc8 11. Kb1 Rg8 12. f4 Qc5 13. Qd2 Qb4 14. e5
fxe5 15. fxe5 Bg7 16. a3 Qa5 17. exd6 Bxc3 18. bxc3 Qb6+ 19. Ka2 Be6+ 20. Ka1
Rd8 21. Qf4 Rxd6 22. Rxd6 Qxd6 23. Bb5+ Bd7 24. Bxd7+ Kxd7 25. Qa4+ Qc6 26. Rd1+
Kc7 27. Qf4+ Kc8 28. Qd4 Qc7 29. g3 Rd8 30. Qg4+ e6 31. Rxd8+ Kxd8 32. Qb4 Qe7
33. Qd4+ Kc7 34. Qxa7 e5 35. Kb2 e4 36. Qe3 Qe6 37. Qc5+ Kb8 38. Qf8+ Kc7 39.
Qc5+ Kb8 40. Qf8+ Ka7 41. Qb4 f5 42. Qa5+ 1/2-1/2

[Event "Mistrzostwa Polski Juniorow do lat 16 - Dziewczeta"]
[Site "Ustron – Jaszowiec"]
[Date "1899-12-30"]
[Round "6.13"]
[White "Samujlo, Agnieszka"]
[Black "Pyzio, Amelia"]
[Result "1/2-1/2"]
[WhiteTitle "I+"]
[BlackTitle "I+"]
[WhiteElo "1542"]
[BlackElo "1656"]

1. e4 e5 2. Nf3 Nc6 3. Bc4 Bc5 4. c3 Nf6 5. d4 exd4 6. e5 d5 7. Bb5 Ne4 8. cxd4
Bb6 9. Nc3 O-O 10. Be3 Ne7 11. O-O Bg4 12. Be2 h6 13. h3 Bh5 14. Nd2 Bxe2 15.
Qxe2 Nxd2 16. Qxd2 Qd7 17. Rac1 Nf5 18. b3 c6 19. Na4 Nh4 20. f4 Qf5 21. Qf2 Ng6
22. g4 Qd7 23. f5 Ne7 24. Nxb6 axb6 25. f6 Ng6 26. fxg7 Kxg7 27. Qf6+ Kh7 28.
Rc2 Rae8 29. Rcf2 Re7 30. Rf5 Qe6 31. Qxe6 Rxe6 32. Rxf7+ Rxf7 33. Rxf7+ Kg8 34.
Rxb7 c5 35. dxc5 bxc5 36. Bxc5 Rxe5 37. Rb8+ Kf7 38. Rb7+ Kg8 39. Kf2 Nf4 40.
Rb8+ Kh7 41. Kf3 Nxh3 42. Rh8+ Kg6 43. Be3 Ng5+ 44. Bxg5 Kxg5 45. Rd8 Kg6 46.
Rd6+ Kg7 47. a4 h5 48. gxh5 Rxh5 49. Ke2 Kf7 50. Rb6 Ke8 51. Kd3 Kd7 52. a5 Kc7
53. b4 Rh1 54. b5 Ra1 55. Rc6+ Kb7 56. a6+ Kb8 57. Rd6 Rb1 58. Rxd5 Ka7 59. Rd7+
Ka8 60. Kc4 Rc1+ 61. Kb4 Rh1 62. Ka5 Rh5 63. Rc7 Rg5 64. Kb6 Rg6+ 65. Rc6 Rg8
66. a7 Rg6 67. Ka5 Rg5 68. Rh6 Kxa7 69. Rh7+ Kb8 70. Ka6 Rg8 71. b6 Rf8 72. Rh6
Rg8 73. b7 Rf8 1/2-1/2

[Event "Mistrzostwa Polski Juniorow do lat 16 - Dziewczeta"]
[Site "Ustron – Jaszowiec"]
[Date "1899-12-30"]
[Round "6.14"]
[White "Lascar, Maria Elena"]
[Black "Bilczewska, Olga"]
[Result "1-0"]
[WhiteTitle "I+"]
[BlackTitle "I"]
[WhiteElo "1485"]
[BlackElo "1638"]

1. e4 d5 2. exd5 Nf6 3. d4 Bg4 4. f3 Bf5 5. c4 e6 6. dxe6 Nc6 7. exf7+ Kxf7 8.
Be3 Bb4+ 9. Nc3 Re8 10. Kf2 Rxe3 11. Kxe3 Bc2 12. Qd2 Ng4+ 13. Kf4 Qh4 14. fxg4
Qf6+ 15. Kg3 Bd6+ 16. Kh3 Bf4 17. Qf2 Nxd4 18. g3 Qh6+ 19. Kg2 Qc6+ 20. Nf3 Be5
21. Re1 Bf6 22. Nd5 Nxf3 23. Qxf3 1-0

[Event "Mistrzostwa Polski Juniorow do lat 16 - Dziewczeta"]
[Site "Ustron – Jaszowiec"]
[Date "1899-12-30"]
[Round "6.15"]
[White "Choinska, Debora"]
[Black "Koruch, Maria"]
[Result "1-0"]
[WhiteTitle "I"]
[BlackTitle "I"]
[WhiteElo "1479"]
[BlackElo "1513"]

1. e4 c5 2. Nf3 Nc6 3. d4 cxd4 4. Nxd4 Nf6 5. Nc3 e5 6. Nxc6 bxc6 7. Bd3 d5 8.
exd5 cxd5 9. Bg5 Bb4 10. Bb5+ Kf8 11. Bxf6 gxf6 12. Bc6 Qc7 13. Bxa8 Bxc3+ 14.
bxc3 Qxc3+ 15. Kf1 Ba6+ 16. Kg1 Be2 17. Qe1 Qf3 18. Qb4+ Ke8 19. Bc6+ Kd8 20.
Qd6+ 1-0

[Event "Mistrzostwa Polski Juniorow do lat 16 - Dziewczeta"]
[Site "Ustron – Jaszowiec"]
[Date "1899-12-30"]
[Round "6.16"]
[White "Gredka, Dominika"]
[Black "Ossolinska, Matylda"]
[Result "1/2-1/2"]
[WhiteTitle "I++"]
[BlackTitle "I"]
[WhiteElo "1589"]
[BlackElo "1515"]

1. e4 e6 2. d4 d5 3. Nd2 c5 4. exd5 Qxd5 5. dxc5 Bxc5 6. Ngf3 Nf6 7. Bd3 Nc6 8.
O-O O-O 9. Qe2 Nb4 10. Bc4 Qh5 11. c3 Nbd5 12. Ne4 Nxe4 13. Qxe4 Nf6 14. Qc2 Bd7
15. Be2 Qg6 16. Qxg6 hxg6 17. Ne5 Rfd8 18. Bf3 Bb5 19. Re1 Rab8 20. a4 Be8 21.
b4 Be7 22. Be3 b6 23. a5 Nd5 24. Bxd5 Rxd5 25. f4 bxa5 26. Bxa7 Rb7 27. Be3 axb4
28. c4 Rd8 29. c5 Rc8 30. Rec1 Bf6 31. c6 Rbc7 32. Rab1 Bxe5 33. fxe5 Rxc6 34.
Rxc6 Bxc6 35. Rxb4 Bd5 36. Rb2 Ra8 37. Bd4 Rc8 38. Kf2 Kh7 39. Ke3 Ra8 40. Kf2
Rc8 1/2-1/2

[Event "Mistrzostwa Polski Juniorow do lat 16 - Dziewczeta"]
[Site "Ustron – Jaszowiec"]
[Date "1899-12-30"]
[Round "6.17"]
[White "Kubiak, Aleksandra"]
[Black "Krzysztynska, Anna"]
[Result "0-1"]
[WhiteTitle "II+"]
[BlackTitle "I"]
[WhiteElo "1320"]
[BlackElo "1578"]

1. e4 e5 2. Nf3 Nc6 3. Bc4 Bc5 4. O-O Nf6 5. d4 exd4 6. e5 d5 7. exf6 dxc4 8. Re1+
Be6 9. Ng5 Qd5 10. Nc3 Qf5 11. Nce4 O-O-O 12. g4 Qe5 13. Nf3 Qd5 14. fxg7 Rhg8
15. Nf6 Qd6 16. Nxg8 Rxg8 17. Ng5 Rxg7 18. Nxe6 fxe6 19. Qe2 Rg6 20. Qe4 Qe7 21.
g5 Qf7 22. Qf4 Qd7 23. Qe4 e5 24. Bd2 Qf7 25. Rf1 h6 26. h4 hxg5 27. Bxg5 Qh7
28. Qg4+ Kb8 29. Kg2 Be7 30. Rh1 Qg7 31. f4 exf4 32. Qxf4 Bxg5 33. hxg5 Rxg5+
34. Kf3 Ne5+ 35. Kf2 Rg2+ 36. Kf1 Rg6 37. Ke1 a6 38. Rf1 Rg1 39. Rxg1 Qxg1+ 40.
Qf1 Nf3+ 41. Ke2 Qe3+ 42. Kd1 Qd2# 0-1

[Event "Mistrzostwa Polski Juniorow do lat 16 - Dziewczeta"]
[Site "Ustron – Jaszowiec"]
[Date "1899-12-30"]
[Round "6.18"]
[White "Zamarska, Sylwia"]
[Black "Surpeta, Julia"]
[Result "1-0"]
[WhiteTitle "I++"]
[BlackTitle "I"]
[WhiteElo "1681"]
[BlackElo "1458"]

1. d4 Nf6 2. c4 e6 3. Nf3 b6 4. Nc3 Bb4 5. Bd2 Bb7 6. e3 Bxc3 7. Bxc3 Ne4 8. Bd3
d6 9. O-O Nd7 10. Qe2 O-O 11. Nd2 f5 12. f3 Nxd2 13. Bxd2 e5 14. d5 Qe7 15. Bc2
Rf6 16. Bc3 Raf8 17. b4 Rh6 18. a4 a6 19. a5 Qd8 20. Rfb1 f4 21. exf4 exf4 22.
Qf2 b5 23. cxb5 axb5 24. Be4 Ne5 25. Bxe5 dxe5 26. Rc1 Qe7 27. Rc5 Ba6 28. Rac1
Kh8 29. Qe1 c6 30. Rxc6 Rxc6 31. Rxc6 Bb7 32. Rc5 Qd7 33. Qh4 h6 34. Qh5 Rf6 35.
Qxe5 Qd8 36. Rxb5 Qa8 37. Qc7 1-0

[Event "Mistrzostwa Polski Juniorow do lat 16 - Dziewczeta"]
[Site "Ustron – Jaszowiec"]
[Date "1899-12-30"]
[Round "7.1"]
[White "Rudzinska, Michalina"]
[Black "Kaczmarska, Joanna"]
[Result "0-1"]
[WhiteTitle "k"]
[BlackTitle "k"]
[WhiteElo "1941"]
[BlackElo "1822"]

1. e4 e6 2. d4 d5 3. Nc3 Bb4 4. exd5 exd5 5. Bd3 c6 6. Nge2 Ne7 7. O-O O-O 8. Ng3
f5 9. Qf3 Ng6 10. Nxf5 Qf6 11. g4 Nh4 12. Nxh4 Qxh4 13. Qg3 Qxg4 14. Qxg4 Bxg4
15. f4 Nd7 16. Ne2 c5 17. Ng3 c4 18. Be2 Bxe2 19. Nxe2 Rae8 20. Kf2 Nf6 21. Kf3
Ne4 22. c3 Bd6 23. Rg1 h6 24. h4 Rf7 25. Be3 Rfe7 26. Rae1 Kh7 27. Ng3 Nxg3 28.
Rxg3 Re4 29. Rg4 h5 30. Rg5 Bxf4 31. Bxf4 Rxe1 32. Rxh5+ Kg8 33. Rxd5 Rf8 34.
Kg3 Rg1+ 35. Kh2 Rb1 36. Kg3 Rxb2 37. a4 Rc2 38. Rd7 Rxc3+ 39. Kg4 Rd3 40. Be5
Rf7 41. Rd8+ Kh7 42. Rc8 c3 43. h5 Rd7 44. Kf5 R7xd4 45. Bxd4 Rxd4 46. h6 Rxa4
47. hxg7 Kxg7 48. Rxc3 Rb4 49. Ke6 Rb6+ 50. Kd5 Kf6 51. Ra3 a6 52. Kc5 Rb5+ 53.
Kd6 Kf5 54. Ra4 a5 55. Rh4 Kg5 56. Rh8 b6 57. Kc6 Rb4 58. Kd5 a4 59. Rh1 b5 60.
Ke5 Kg4 61. Ra1 Rb3 62. Ke4 Kg3 63. Rg1+ Kf2 64. Ra1 a3 65. Ra2+ Kg3 66. Kd4 b4
67. Re2 Rb2 68. Re8 a2 69. Rg8+ Kf3 70. Rf8+ Kg4 71. Rg8+ Kf5 72. Rf8+ Kg6 73.
Ra8 b3 74. Ke4 Rb1 0-1

[Event "Mistrzostwa Polski Juniorow do lat 16 - Dziewczeta"]
[Site "Ustron – Jaszowiec"]
[Date "1899-12-30"]
[Round "7.2"]
[White "Raczykowska, Paulina"]
[Black "Guzik, Natalia"]
[Result "1/2-1/2"]
[WhiteTitle "I++"]
[BlackTitle "I++"]
[WhiteElo "1772"]
[BlackElo "1875"]

1. e4 c5 2. Nf3 Nc6 3. d4 cxd4 4. Nxd4 g6 5. Be2 Bg7 6. Nb3 Nf6 7. Nc3 d6 8. O-O
Be6 9. Bg5 O-O 10. Re1 Qc8 11. Bf1 Rd8 12. Nd5 Bxd5 13. exd5 Nb4 14. c3 Nbxd5
15. Bxf6 Nxf6 16. Rxe7 d5 17. Qf3 Re8 18. Rae1 Rxe7 19. Rxe7 Kf8 20. Re1 Qd7 21.
Qe3 b6 22. Nd4 Re8 23. Qc1 Rxe1 24. Qxe1 Ne4 25. Bb5 Qc7 26. Bd3 Nc5 27. Bb5 Ne4
28. Bd3 Nc5 29. Bb5 Ne4 30. Bd3 1/2-1/2

[Event "Mistrzostwa Polski Juniorow do lat 16 - Dziewczeta"]
[Site "Ustron – Jaszowiec"]
[Date "1899-12-30"]
[Round "7.3"]
[White "Krzywnicka, Maria"]
[Black "Szelag, Zuzanna"]
[Result "1-0"]
[WhiteTitle "I+"]
[BlackTitle "I++"]
[WhiteElo "1720"]
[BlackElo "1759"]

1. e4 c5 2. d3 Nc6 3. g3 g6 4. Bg2 Bg7 5. Nc3 Nf6 6. h3 d6 7. Be3 O-O 8. Qd2 Nd4
9. Nge2 e5 10. f4 Nh5 11. f5 gxf5 12. O-O-O Qa5 13. exf5 Nxe2+ 14. Qxe2 Nxg3 15.
Qf2 Nxf5 16. Rdg1 Be6 17. Be4 Ne7 18. Bxh7+ Kxh7 19. Qh4+ Kg8 20. Rxg7+ Kxg7 21.
Bh6+ Kg8 22. Qf6 Nf5 23. Rg1+ 1-0

[Event "Mistrzostwa Polski Juniorow do lat 16 - Dziewczeta"]
[Site "Ustron – Jaszowiec"]
[Date "1899-12-30"]
[Round "7.4"]
[White "Leczek, Weronika"]
[Black "Kostecka, Marika"]
[Result "1/2-1/2"]
[WhiteTitle "I++"]
[BlackTitle "I++"]
[WhiteElo "1909"]
[BlackElo "1869"]

1. e4 c5 2. Nf3 d6 3. d4 cxd4 4. Nxd4 Nf6 5. Nc3 a6 6. Nb3 b5 7. e5 dxe5 8. Qf3
Ra7 9. Be3 Bg4 10. Qg3 Rd7 11. Nc5 Rc7 12. N5e4 Qd7 13. Qxe5 b4 14. Ne2 Nxe4 15.
Qxe4 Nc6 16. Rd1 Qc8 17. Bb6 Rd7 18. Rxd7 Qxd7 19. Nd4 Nxd4 20. Bxd4 Bf5 21. Qa8+
Qc8 22. Qxa6 Qxa6 23. Bxa6 Bxc2 24. Bb5+ Kd8 25. Kd2 b3 26. axb3 Bxb3 27. Rc1
e6 28. Bb6+ Ke7 29. Rc8 Kf6 30. Bc5 Bxc5 31. Rxh8 Bd4 32. Bd3 Bd5 33. b4 Bxg2
34. f4 Bb6 35. Rxh7 Bc7 36. Ke3 Bb6+ 37. Ke2 Bc7 38. b5 Bxf4 39. b6 Bb7 40. Rh4
g5 41. Rh6+ Kg7 42. Rh7+ Kf6 43. Bb5 Kg6 44. Rh8 Be5 45. Rd8 Bxh2 46. Rd7 Bd5
47. b7 g4 48. Ba6 Bf3+ 49. Kd3 Bg2 50. Kc2 Be4+ 51. Bd3 Bxd3+ 52. Kxd3 Be5 53.
Rd8 f5 54. b8=Q Bxb8 55. Rxb8 e5 56. Ke3 Kg5 57. Re8 Kf6 58. Rg8 Kf7 59. Rb8 Kf6
60. Rg8 Kf7 61. Rb8 Kf6 62. Rg8 Kf7 63. Ra8 Kf6 64. Rg8 Kf7 65. Ra8 Kf6 66. Rg8
Kf7 67. Rb8 Kf6 68. Rg8 Kf7 69. Rc8 Kf6 70. Rg8 Kf7 71. Ra8 Kf6 72. Rg8 Kf7 73.
Rc8 Kf6 74. Re8 f4+ 75. Ke4 g3 76. Rg8 Kf7 77. Rg5 Kf6 78. Rg4 Ke6 79. Rg8 Kf6
80. Rg4 Ke6 81. Rg8 Kf6 82. Rg4 Ke6 83. Rg7 Kf6 84. Rg8 Kf7 85. Rg5 Kf6 86. Rg4
Ke6 87. Rg6+ Kf7 88. Rb6 Kg7 89. Rc6 Kh7 90. Rb6 Kg7 91. Ra6 Kh7 92. Ra1 Kg6 93.
Kxe5 Kg5 94. Ra8 Kg4 95. Rg8+ Kf3 96. Rf8 1/2-1/2

[Event "Mistrzostwa Polski Juniorow do lat 16 - Dziewczeta"]
[Site "Ustron – Jaszowiec"]
[Date "1899-12-30"]
[Round "7.5"]
[White "Kalinowska, Zuzanna"]
[Black "Kucharska, Honorata"]
[Result "0-1"]
[WhiteTitle "k+"]
[BlackTitle "k+"]
[WhiteElo "1833"]
[BlackElo "2093"]

1. d4 Nf6 2. Nf3 d6 3. c4 Nbd7 4. Nc3 e5 5. Bg5 Be7 6. Qc2 O-O 7. O-O-O exd4 8.
Nxd4 Ne5 9. e3 a6 10. h3 Be6 11. b3 Bd7 12. Nf5 Bxf5 13. Qxf5 b5 14. f4 Ned7 15.
g4 bxc4 16. Bxc4 Nb6 17. Bxf6 Bxf6 18. Nd5 Nxd5 19. Bxd5 c6 20. Bc4 g6 21. Qc2
Bg7 22. g5 d5 23. h4 Qe7 24. Bd3 Qxe3+ 25. Qd2 Qc5+ 26. Qc2 Qa3+ 27. Kb1 c5 28.
Qc1 Qb4 29. f5 gxf5 30. Bxf5 c4 31. Rh3 Rab8 32. Rxd5 cxb3 33. Rxb3 Qa4 34. Rdd3
Qa5 35. Bd7 Qe5 36. Kc2 Rbc8+ 37. Bxc8 Rxc8+ 38. Kd2 Qh2+ 0-1

[Event "Mistrzostwa Polski Juniorow do lat 16 - Dziewczeta"]
[Site "Ustron – Jaszowiec"]
[Date "1899-12-30"]
[Round "7.6"]
[White "Sowa, Wiktoria"]
[Black "Skiba, Aleksandra"]
[Result "0-1"]
[WhiteTitle "I+"]
[BlackTitle "I+"]
[WhiteElo "1812"]
[BlackElo "1633"]

1. e4 c5 2. Nc3 Nc6 3. g3 g6 4. d3 Bg7 5. Be3 d6 6. Qd2 e6 7. Bg2 Nge7 8. Bh6 O-O
9. h4 Bxh6 10. Qxh6 f6 11. Qd2 d5 12. h5 d4 13. hxg6 Nxg6 14. Nce2 Rb8 15. Nf4
Nce7 16. Nf3 e5 17. Nh5 Rf7 18. Qh6 Nc6 19. O-O-O b5 20. Nh4 Qf8 21. Qd2 Nxh4
22. Rxh4 Ne7 23. Rdh1 Ng6 24. R4h2 c4 25. f4 c3 26. Qf2 cxb2+ 27. Kb1 Bg4 28.
f5 Bxh5 29. Rxh5 Ne7 30. g4 Rg7 31. g5 Nc6 32. Rh6 Qa3 33. c3 dxc3 34. Qc2 Nd4
35. gxf6 Nxc2 36. fxg7 Nd4 0-1

[Event "Mistrzostwa Polski Juniorow do lat 16 - Dziewczeta"]
[Site "Ustron – Jaszowiec"]
[Date "1899-12-30"]
[Round "7.7"]
[White "Michalska, Aleksandra"]
[Black "Dwilewicz, Agata"]
[Result "1/2-1/2"]
[WhiteTitle "I"]
[BlackTitle "I+"]
[WhiteElo "1599"]
[BlackElo "1710"]

1. e4 c5 2. c4 Nc6 3. Nc3 Nf6 4. Nf3 e6 5. Be2 Be7 6. O-O d5 7. exd5 exd5 8. d4
Be6 9. cxd5 Nxd5 10. Nxd5 Qxd5 11. Be3 cxd4 12. Nxd4 Nxd4 13. Bxd4 O-O 14. Bc3
Rfd8 15. Qxd5 Bxd5 16. a3 Bb3 17. Rfe1 Bd6 18. Bf3 Rab8 19. h3 b6 20. Re2 Re8
21. Rae1 Rxe2 22. Rxe2 Be6 23. Rd2 Bf4 24. Rd1 h6 25. Kf1 Re8 26. Be2 Rc8 27.
Bd3 Bb3 28. Re1 Be6 29. Rd1 Bg5 30. f3 Be7 31. Ke2 Bxa3 32. Bxg7 Kxg7 33. bxa3
Rc3 34. Ra1 Rb3 35. h4 Rb2+ 36. Kf1 h5 37. a4 Rd2 38. Be2 Rd4 39. g3 a5 40. Kf2
Bb3 41. Bb5 Kf6 42. Rb1 Bd1 43. Ke3 Rd6 44. Rc1 1/2-1/2

[Event "Mistrzostwa Polski Juniorow do lat 16 - Dziewczeta"]
[Site "Ustron – Jaszowiec"]
[Date "1899-12-30"]
[Round "7.8"]
[White "Kulpa, Zuzanna"]
[Black "Buchta, Agnieszka"]
[Result "1-0"]
[WhiteTitle "I++"]
[BlackTitle "I++"]
[WhiteElo "1680"]
[BlackElo "1715"]

1. d4 Nf6 2. c4 e6 3. Nc3 Bb4 4. Qc2 Nc6 5. Nf3 O-O 6. Bg5 h6 7. Bd2 d6 8. e4 e5
9. d5 Nb8 10. a3 Bxc3 11. Bxc3 a5 12. c5 Nbd7 13. cxd6 cxd6 14. Nd2 Nc5 15. Be2
a4 16. Bb4 b6 17. f3 Nh5 18. g3 f5 19. Bxc5 bxc5 20. f4 Nf6 21. fxe5 dxe5 22.
O-O Ba6 23. Bxa6 Rxa6 24. Rxf5 Qb8 25. Rb1 Nd7 26. Rbf1 Rxf5 27. Rxf5 Ra7 28.
Nc4 Rb7 29. Qxa4 Nb6 30. Nxb6 Rxb6 31. Qd7 Rd6 32. Qe7 Rf6 33. Rxf6 gxf6 34. Qe6+
Kg7 35. d6 Qxb2 36. d7 Qb1+ 37. Kg2 Qxe4+ 38. Kh3 f5 39. Qe7+ Kg6 40. Qe8+ Kg7
41. Qe7+ Kg6 42. Qd6+ Kf7 43. Qd2 Qg4+ 44. Kg2 Qe4+ 45. Kf2 Qh1 46. d8=Q Qxh2+
47. Kf1 Qh1+ 48. Ke2 Qg2+ 49. Kd1 Qf1+ 50. Kc2 Qc4+ 51. Kb2 Qb5+ 52. Ka1 e4 53.
Q2d5+ Kg6 54. Q5g8+ 1-0

[Event "Mistrzostwa Polski Juniorow do lat 16 - Dziewczeta"]
[Site "Ustron – Jaszowiec"]
[Date "1899-12-30"]
[Round "7.9"]
[White "Karlyk, Maria"]
[Black "Orlik, Sandra"]
[Result "1-0"]
[WhiteTitle "I"]
[BlackTitle "I+"]
[WhiteElo "1501"]
[BlackElo "1698"]

1. e4 c5 2. Nc3 e6 3. g3 Nc6 4. Bg2 g6 5. d3 Bg7 6. Be3 d6 7. Qd2 Nge7 8. Bh6 O-O
9. h4 f6 10. Bxg7 Kxg7 11. h5 Rh8 12. f4 Rb8 13. Nf3 Nd4 14. hxg6 Nxf3+ 15. Bxf3
hxg6 16. Rxh8 Qxh8 17. Nb5 Bd7 18. Nxd6 Bc6 19. Qf2 b6 20. O-O-O Qd8 21. e5 Bxf3
22. Qxf3 Nf5 23. Nxf5+ exf5 24. Re1 Qd7 25. exf6+ Kxf6 26. Qe2 Qd6 27. Rh1 Qe6
28. Qxe6+ Kxe6 29. Rh7 a6 30. Kd2 Rd8 31. Rb7 Rd6 32. b3 Kd5 33. Re7 Kc6 34. Ke3
Kd5 35. Re5+ Kc6 36. Kf3 Kd7 37. g4 Rf6 38. Kg3 Rf8 39. gxf5 gxf5 40. Kf3 Kd6
41. Ke3 Rf6 42. d4 cxd4+ 43. Kxd4 Rf8 44. c4 Rf7 45. b4 Rf6 46. a4 Kd7 47. c5
Kc6 48. cxb6 Kxb6 49. Kd5 Rf8 50. Ke6 Rc8 51. Kxf5 Rc4 52. Re4 Rc1 53. Ke5 Ra1
54. a5+ Kb5 55. f5 Rf1 56. f6 Rf2 57. Ke6 Rf1 58. f7 1-0

[Event "Mistrzostwa Polski Juniorow do lat 16 - Dziewczeta"]
[Site "Ustron – Jaszowiec"]
[Date "1899-12-30"]
[Round "7.10"]
[White "Trusz, Julia"]
[Black "Lascar, Maria Elena"]
[Result "0-1"]
[WhiteTitle "I+"]
[BlackTitle "I+"]
[WhiteElo "1688"]
[BlackElo "1485"]

1. e4 c5 2. Nf3 a6 3. Nc3 e6 4. d4 cxd4 5. Nxd4 Qc7 6. g3 Nc6 7. Bg2 Nf6 8. O-O
Be7 9. Kh1 d6 10. f4 Nd7 11. f5 Nxd4 12. Qxd4 Bf6 13. Qf2 Ne5 14. Be3 Ng4 15.
Qe2 Nxe3 16. Qxe3 O-O 17. Rad1 Rd8 18. g4 h6 19. Rd3 Bd7 20. Qf2 Bc6 21. h4 Qe7
22. Rh3 Rac8 23. Rg1 b5 24. Qg3 g5 25. fxg6 fxg6 26. Qe3 Bg7 27. Ne2 Kh7 28. c3
Rf8 29. Bf3 Qb7 30. Ng3 Be5 31. g5 h5 32. Re1 Rf7 33. Nxh5 gxh5 34. g6+ Kxg6 35.
Bxh5+ Kh7 36. Bxf7 Qxf7 37. Rg1 Rg8 38. Rxg8 Qxg8 39. h5 Qg4 40. Qf3 Bxe4 0-1

[Event "Mistrzostwa Polski Juniorow do lat 16 - Dziewczeta"]
[Site "Ustron – Jaszowiec"]
[Date "1899-12-30"]
[Round "7.11"]
[White "Swiech, Joanna"]
[Black "Pyzio, Amelia"]
[Result "1-0"]
[WhiteTitle "k"]
[BlackTitle "I+"]
[WhiteElo "1943"]
[BlackElo "1656"]

1. c4 c5 2. Nc3 Nc6 3. g3 g6 4. Bg2 Bg7 5. Nf3 e6 6. O-O Nge7 7. d3 O-O 8. a3 d5
9. cxd5 exd5 10. Qc2 b6 11. Rb1 a5 12. Bf4 Nf5 13. Nxd5 Qxd5 14. Ne5 Qe6 15. Nxc6
Bb7 16. Qc4 Rae8 17. Qxe6 Rxe6 18. Nd8 Rxd8 19. Bxb7 Rxe2 20. b4 axb4 21. axb4
Nd4 22. Bg2 Rde8 23. bxc5 bxc5 24. Be3 Rc2 25. Rb7 Ne6 26. Bd5 Bd4 27. Bxd4 cxd4
28. Bxe6 fxe6 29. Ra1 Rd2 30. Raa7 Rxd3 31. Rg7+ Kh8 32. Rxh7+ Kg8 33. Rag7+ Kf8
34. Rxg6 Rd1+ 35. Kg2 Re1 36. Rf6+ Kg8 37. Rh4 Kg7 38. Rff4 e5 39. Rhg4+ Kh6 40.
Rf6+ Kh5 41. Rfg6 1-0

[Event "Mistrzostwa Polski Juniorow do lat 16 - Dziewczeta"]
[Site "Ustron – Jaszowiec"]
[Date "1899-12-30"]
[Round "7.12"]
[White "Moscicka, Pola"]
[Black "Szulc, Patrycja"]
[Result "1-0"]
[WhiteTitle "k+"]
[BlackTitle "I"]
[WhiteElo "1925"]
[BlackElo "1573"]

1. d4 Nf6 2. c4 g6 3. Nc3 Bg7 4. e4 d6 5. Nf3 O-O 6. Be2 e5 7. O-O Nc6 8. d5 Ne7
9. b4 a5 10. Ba3 axb4 11. Bxb4 Nh5 12. g3 f5 13. Ng5 Nf6 14. c5 f4 15. cxd6 cxd6
16. Qd3 h6 17. Ne6 Bxe6 18. dxe6 Ne8 19. Nb5 Nc8 20. Rad1 Ra6 21. Qd5 Qe7 22.
Nc3 Nc7 23. Qd2 Rc6 24. Bg4 Qg5 25. Qe2 h5 26. Bf3 Nxe6 27. h4 Qd8 28. Nb5 Qb6
29. Kg2 Nd4 30. Nxd4 exd4 31. Rb1 Qa6 32. Qxa6 Rxa6 33. Be2 Rc6 34. Rfc1 Be5 35.
Bc4+ Kh7 36. Bd5 Rxc1 37. Rxc1 b6 38. Rc7+ Kh8 39. Be6 d3 40. Rxc8 Rxc8 41. Bxc8
fxg3 42. fxg3 Kg7 43. Ba6 Kf6 44. Bxd3 g5 45. hxg5+ Kxg5 46. Bd2+ Kg4 47. Be2#
1-0